000 02013cam a2200517 4500
999 _c24172
_d24172
001 vtls012150649
005 20260506100838.0
008 221003s2022 xo oc g 000 f slo
020 _a9788055185149
_q(viazané)
040 _aTTKJF
_bslo
_cTTKJF
_dSNK
_erda
041 1 _aslo
_hcze
044 _axo
_cSK
072 7 _a821.162.4-3
_xSlovenská próza
_2konspekt
080 _a821.162.4-32
_22011
080 _a(=411.16)
_22011
080 _a323.12"1939/1945"
_22011
080 _a94(100)"1939/1945"
_22011
100 1 _aGrosman, Ladislav,
_d1921-1981
_4aut
_95509
240 1 0 _aSpisy Ladislava Grosmana
_lSlovensky
245 1 0 _aObchod na korze
_cLadislav Grosman ; z českého originálu ... preložila Marta Hlušíková ; predslov napísal George Grosman ; doslov napísala Michala Lônčíková
264 1 _aBratislava
_bIkar
_c2022
300 _a165 strán
_bfotografie, portréty
_c21 cm
336 _atext
_btxt
_2rdacontent
337 _abez média
_bn
_2rdamedia
338 _azväzok
_bnc
_2rdacarrier
500 _aPreložené z češtiny
500 _aNa obale uvedené: Predloha oscarového filmu prvýkrát v slovenčine
650 0 7 _aŽidia
_2SNKPH
_91732
650 0 7 _aholokaust (1939-1945)
_2SNKPH
_91733
650 0 7 _adruhá svetová vojna (1939-1945)
_2SNKPH
_91735
650 0 7 _aJews
_2SNKPHeng
_91737
650 0 7 _aHolocaust (1939-1945)
_2SNKPHeng
_91738
650 0 7 _aWorld War (1939-1945)
_2SNKPHeng
_91740
651 7 _aSlovensko
_2SNKPHgeo
_91613
651 7 _aSlovakia
_2SNKPHeng
_91614
655 7 _aslovenské novely
_2SNKPH
_94041
655 7 _aSlovak novellas
_2SNKPHeng
_94124
700 1 _aHlušíková, Marta,
_d1952-
_4trl
_92159
700 1 _aLônčíková, Michala,
_d1988-
_4aft
_95510
700 1 _aGrosman, George,
_d1953-
_4aui
_95511
711 2 _aNajkrajšie knihy Slovenska
_n(XXXI. (59.) :
_d2022
_cBratislava, Slovensko).
_eKategória: Krásna literatúra
_95512
958 _aLX
958 _aUP
958 _aZD